Confessionale pro instructione confessorũ Reuerendi Fratris Hieronymi Sauonarole de Ferraria ordinis predicatorum. Insuper Recollectorium rudimentoд sacre Theologie pro nouis Predicatoribus τ Confessoribus: In quo sunt inserte omnes censure papales τ episcopales Fructuosissimũ.

Bibliographic Details
Main Author: Savonarola, Girolamo, 1452-1498 (Author, Author of introduction, etc.)
Corporate Author: Suardi, Lazzaro (Benátky, Taliansko) (Printer)
Other Authors: Suardi, Lazzaro, asi 1450-1517 (Printer)
Format: Book
Language:Latin
PhysicalDescription:95 listov 8°
Published: Venetijs per Lazaruъ de Soardis Anno dñi... Die 27. Septembris. 1504
Subjects:

MARC

LEADER 00000nam a2200000 a 4500
001 vtls011893993
003 SK-MaSNL
005 20260302060342.0
008 251112s1504 it f 001 0 lat
015 |a SNBHFA 
040 |a SNKHF  |b slo  |c SNKHF  |e AACR2 
041 |a lat 
044 |a it  |c IT 
072 7 |a 2-1  |x Prirodzená teológia. Náboženská filozofia  |2 konspekt 
080 |a 2-1  |2 2011 
100 1 |a Savonarola, Girolamo,  |d 1452-1498  |4 aut  |4 aui  |9 130365 
245 1 0 |a Confessionale pro instructione confessorũ Reuerendi Fratris Hieronymi Sauonarole de Ferraria ordinis predicatorum. Insuper Recollectorium rudimentoд sacre Theologie pro nouis Predicatoribus τ Confessoribus: In quo sunt inserte omnes censure papales τ episcopales Fructuosissimũ. 
260 |a Venetijs  |b per Lazaruъ de Soardis  |c Anno dñi... Die 27. Septembris. 1504 
300 |a 95 listov  |c 8° 
500 |a Signet, iniciálky s ornamentálnym pozadím v rámčeku a vo voľnom priestore na 3, 4 a 6 riadkov 
501 |a Príväzok 1. k: ALBERTUS MAGNUS. Mariale. Venetijs: Lazarus Soardus, 1504.  |5 SNK ID 101602 
504 |a Kustody 
510 4 |a Edit 16 CNCE 31841 
546 |a Latinčina  |b Fraktúra 
561 |a Z knižnice františkánov v Bratislave.  |5 SNK ID 101602/prív.1 
650 0 7 |a teológia  |2 SNKPH  |9 1814 
700 1 |a Suardi, Lazzaro,  |d asi 1450-1517  |4 prt  |9 130773 
710 1 |a Františkáni (Bratislava, Slovensko)  |4 fmo  |9 281881 
710 0 |a Suardi, Lazzaro (Benátky, Taliansko),  |d 1501-1517  |4 prt  |9 192039 
752 |a Taliansko  |d Benátky 
852 |a snk  |b Historické fondy  |p ID 101602/prív.1 
958 |a ONDV 
958 |a DA 
999 |c 1120949  |d 1122879 
952 |t Fr Ba 26 304  |a SNK  |b SNK  |c SNK_HF  |y PREZ  |7 0  |p 17A1357300  |o snkID 101602/prív.1  |i snk2019/26204  |8 5  |0 0  |1 0  |4 0  |d 2019-10-16  |f 1  |l 0  |r 2026-02-24 18:30:37  |w 2026-02-24